| 000 -LEADER |
| fixed length control field |
nam a22 a 4500 |
| 003 - CONTROL NUMBER IDENTIFIER |
| control field |
AKMAL |
| 005 - DATE AND TIME OF LATEST TRANSACTION |
| control field |
20170505135724.0 |
| 008 - FIXED-LENGTH DATA ELEMENTS--GENERAL INFORMATION |
| fixed length control field |
170505t19931993my | e i 001 0 may d |
| 020 ## - INTERNATIONAL STANDARD BOOK NUMBER |
| International Standard Book Number |
9836230904 (kkt.) : |
| Terms of availability |
RM 15.00 |
| 039 #9 - LEVEL OF BIBLIOGRAPHIC CONTROL AND CODING DETAIL [OBSOLETE] |
| Level of rules in bibliographic description |
201509181548 |
| Level of effort used to assign nonsubject heading access points |
iliza |
| Level of effort used to assign subject headings |
201507010940 |
| Level of effort used to assign classification |
maulidiah |
| Level of effort used to assign subject headings |
200808171609 |
| Level of effort used to assign classification |
pmmalaysiana |
| Level of effort used to assign subject headings |
200709241224 |
| Level of effort used to assign classification |
pmmalaysiana |
| 040 ## - CATALOGING SOURCE |
| Original cataloging agency |
AKMAL |
| Transcribing agency |
AKMAL |
| 049 ## - LOCAL HOLDINGS (OCLC) |
| Holding library |
klpmalpma |
| 082 04 - DEWEY DECIMAL CLASSIFICATION NUMBER |
| Classification number |
297.1226 KHA |
| Edition number |
22 |
| 090 ## - LOCALLY ASSIGNED LC-TYPE CALL NUMBER (OCLC); LOCAL CALL NUMBER (RLIN) |
| Classification number (OCLC) (R) ; Classification number, CALL (RLIN) (NR) |
297.1226 |
| Local cutter number (OCLC) ; Book number/undivided call number, CALL (RLIN) |
KHA |
| 090 20 - LOCALLY ASSIGNED LC-TYPE CALL NUMBER (OCLC); LOCAL CALL NUMBER (RLIN) |
| Classification number (OCLC) (R) ; Classification number, CALL (RLIN) (NR) |
297.1226 |
| Local cutter number (OCLC) ; Book number/undivided call number, CALL (RLIN) |
KHA |
| 100 1# - MAIN ENTRY--PERSONAL NAME |
| Personal name |
Khalifa, Mohammad, |
| Dates associated with a name |
1929- |
| 9 (RLIN) |
1789 |
| 245 1# - TITLE STATEMENT |
| Title |
Al-Qur'an dan orientalisme / |
| Statement of responsibility, etc. |
Mohammad Khalifa / |
| -- |
penterjemah dan kata penghantar Zakaria Stapa, Mohamad Asin Dollah |
| 260 ## - PUBLICATION, DISTRIBUTION, ETC. |
| Place of publication, distribution, etc. |
Kuala Lumpur : |
| Name of publisher, distributor, etc. |
Dewan Bahasa dan Pustaka, |
| Date of publication, distribution, etc. |
1993 |
| 300 ## - PHYSICAL DESCRIPTION |
| Extent |
xx, 321ms. ; |
| Dimensions |
22cm |
| 500 ## - GENERAL NOTE |
| General note |
Mengandungi indeks |
| 500 ## - GENERAL NOTE |
| General note |
Terjemahan dari: The sublime Qur'an and orientalism.- Harlow, Essex: Longman, 1983 |
| 504 ## - BIBLIOGRAPHY, ETC. NOTE |
| Bibliography, etc. note |
Bibliografi: ms.305-313 |
| 650 10 - SUBJECT ADDED ENTRY--TOPICAL TERM |
| Topical term or geographic name entry element |
Koran |
| 9 (RLIN) |
1790 |
| 650 20 - SUBJECT ADDED ENTRY--TOPICAL TERM |
| Topical term or geographic name entry element |
Koran |
| General subdivision |
Study and teaching |
| Geographic subdivision |
Europe |
| 9 (RLIN) |
1791 |
| 650 20 - SUBJECT ADDED ENTRY--TOPICAL TERM |
| Topical term or geographic name entry element |
Qur'an |
| General subdivision |
Criticism, interpretation, etc. |
| 9 (RLIN) |
1730 |
| 700 0# - ADDED ENTRY--PERSONAL NAME |
| Personal name |
Zakaria Stapa, |
| Dates associated with a name |
1951- |
| 9 (RLIN) |
1792 |
| 700 0# - ADDED ENTRY--PERSONAL NAME |
| Personal name |
Mohamed Asin Dollah |
| 9 (RLIN) |
1793 |
| 942 ## - ADDED ENTRY ELEMENTS (KOHA) |
| Source of classification or shelving scheme |
|
| Koha item type |
Book |